[Event "Madrid 2019-2020 ch - Previa b"]
[Site "Madrid ESP"]
[Date "2020.02.07"]
[Round "2.5"]
[White "Pajuelo Morales, Raul"]
[Black "Lopez de Turiso, Jose Angel"]
[Result "1/2-1/2"]
[WhiteElo "1836"]
[BlackElo "1938"]
[PlyCount "39"]
[EventDate "2020.02.06"]
[EventType "swiss"]
[EventRounds "9"]
[EventCountry "ESP"]
[SourceTitle "Ajedrez en Madrid"]
[Source "lmi"]
[SourceDate "2020.02.06"]
[SourceVersion "1"]
[SourceVersionDate "2020.03.02"]
[SourceQuality "1"]

1. c4 c5 2. g3 g6 3. Bg2 Bg7 4. Nc3 Nc6 5. Nf3 e6 6. O-O Nge7 7. d3 O-O 8. Ne4
d6 9. Bf4 e5 10. Bd2 f5 11. Nc3 h6 12. Rb1 Be6 13. a3 a5 14. Ne1 d5 15. cxd5
Nxd5 16. Nc2 Nd4 17. e4 Ne7 18. Nxd4 cxd4 19. Na4 fxe4 20. Bxe4 1/2-1/2

[Event "Madrid 2019-2020 ch - Previa b"]
[Site "Madrid ESP"]
[Date "2020.02.07"]
[Round "2.6"]
[White "Mosteiro Montoro, Alvaro"]
[Black "Rojas Pozo, Jose Luis"]
[Result "1/2-1/2"]
[WhiteElo "1477"]
[BlackElo "1938"]
[PlyCount "69"]
[EventDate "2020.02.06"]
[EventType "swiss"]
[EventRounds "9"]
[EventCountry "ESP"]
[SourceTitle "Ajedrez en Madrid"]
[Source "lmi"]
[SourceDate "2020.02.06"]
[SourceVersion "1"]
[SourceVersionDate "2020.03.02"]
[SourceQuality "1"]

1. d4 Nf6 2. Nf3 e6 3. c4 b6 4. Nc3 Ba6 5. e4 Bb4 6. Bd3 Bb7 7. Qc2 c5 8. a3
Bxc3+ 9. bxc3 d6 10. h3 Nc6 11. Bg5 e5 12. d5 Na5 13. O-O O-O 14. Nd2 h6 15.
Bh4 g5 16. Bg3 Nh5 17. Be2 Nf4 18. Bxf4 gxf4 19. Bg4 Bc8 20. Qd1 Qg5 21. Bxc8
Raxc8 22. Qf3 Kh8 23. Kh2 Rg8 24. Rg1 Rg7 25. Ra2 Rcg8 26. g4 Qh4 27. Raa1 Qe7
28. Rg2 Qd7 29. a4 h5 30. g5 Rxg5 31. Rxg5 Rxg5 32. Rg1 Rxg1 33. Qxh5+ Kg8 34.
Kxg1 Qe7 35. Qg4+ 1/2-1/2

[Event "Madrid 2019-2020 ch - Previa b"]
[Site "Madrid ESP"]
[Date "2020.02.07"]
[Round "2.8"]
[White "Moreno Torrero, Javier"]
[Black "Rojas Fernandez, Antonio"]
[Result "1-0"]
[WhiteElo "1918"]
[BlackElo "1409"]
[PlyCount "47"]
[EventDate "2020.02.06"]
[EventType "swiss"]
[EventRounds "9"]
[EventCountry "ESP"]
[SourceTitle "Ajedrez en Madrid"]
[Source "lmi"]
[SourceDate "2020.02.06"]
[SourceVersion "1"]
[SourceVersionDate "2020.03.02"]
[SourceQuality "1"]

1. e4 e5 2. Nf3 Nc6 3. Bb5 a6 4. Ba4 d6 5. c3 g6 6. O-O Bg7 7. d4 Bd7 8. dxe5
dxe5 9. Qe2 b5 10. Bb3 Qe7 11. Nbd2 Nf6 12. Re1 O-O 13. Nf1 Rfe8 14. Ng5 Rf8
15. a4 b4 16. a5 bxc3 17. bxc3 Ne8 18. h4 h6 19. Nf3 Nd6 20. Ne3 Be6 21. Nd5
Qd7 22. Ba4 f5 23. Bxc6 Qxc6 24. Ne7+ 1-0

[Event "Madrid 2019-2020 ch - Previa b"]
[Site "Madrid ESP"]
[Date "2020.02.07"]
[Round "2.9"]
[White "Narvaez Parra, Vicente"]
[Black "Viñas Blasco, Jorge"]
[Result "1/2-1/2"]
[WhiteElo "1808"]
[BlackElo "1596"]
[PlyCount "105"]
[EventDate "2020.02.06"]
[EventType "swiss"]
[EventRounds "9"]
[EventCountry "ESP"]
[SourceTitle "Ajedrez en Madrid"]
[Source "lmi"]
[SourceDate "2020.02.06"]
[SourceVersion "1"]
[SourceVersionDate "2020.03.02"]
[SourceQuality "1"]

1. d4 Nf6 2. c4 c6 3. Nc3 d5 4. cxd5 cxd5 5. Nf3 Nc6 6. Bg5 Ne4 7. Bf4 Bf5 8.
e3 Qa5 9. Qb3 Qb4 10. Qxb4 Nxb4 11. Bb5+ Bd7 12. Bxd7+ Kxd7 13. O-O f6 14. h3
Rc8 15. a3 Nxc3 16. axb4 Ne2+ 17. Kh2 Nxf4 18. exf4 Rc4 19. Rxa7 Rxb4 20. Rc1
Rxb2 21. Ra8 e6 22. Rcc8 Ke7 23. Rc7+ Kd6 24. Rf7 Rxf2 25. Rxb7 Kc6 26. Rbb8
Bd6 27. Rxh8 Bxf4+ 28. Kh1 Rf1+ 29. Ng1 Be3 30. g4 Rxg1+ 31. Kh2 Bxd4 32. Rxh7
g5 33. Ra6+ Kb5 34. Rxe6 Rf1 35. Re2 Be5+ 36. Kg2 Rd1 37. Rc2 Kb6 38. Rh8 d4
39. Rd8 d3 40. Ra2 Kb5 41. Rc8 Kb4 42. Kf3 d2 43. Ke2 Rc1 44. Rd8 Rh1 45. Raxd2
Rh2+ 46. Kf3 Rxh3+ 47. Ke4 Rg3 48. Kf5 Rf3+ 49. Kg6 Rg3 50. Kh5 Rh3+ 51. Kg6
Rg3 52. Kf5 Rf3+ 53. Kg6 1/2-1/2

[Event "Madrid 2019-2020 ch - Previa b"]
[Site "Madrid ESP"]
[Date "2020.02.07"]
[Round "2.10"]
[White "Barragan Panal, Juan Jose"]
[Black "Barragan Arriaza, Pablo"]
[Result "0-1"]
[WhiteElo "1661"]
[BlackElo "1886"]
[PlyCount "106"]
[EventDate "2020.02.06"]
[EventType "swiss"]
[EventRounds "9"]
[EventCountry "ESP"]
[SourceTitle "Ajedrez en Madrid"]
[Source "lmi"]
[SourceDate "2020.02.06"]
[SourceVersion "1"]
[SourceVersionDate "2020.03.02"]
[SourceQuality "1"]

1. d4 d5 2. c4 c6 3. Nf3 Nf6 4. Nc3 e6 5. e3 Nbd7 6. Bd3 dxc4 7. Bxc4 b5 8. Bd3
Bd6 9. e4 e5 10. h3 O-O 11. Be3 Bb7 12. O-O a6 13. Qc2 Rc8 14. dxe5 Nxe5 15.
Nxe5 Bxe5 16. Bc5 Re8 17. Rad1 Qc7 18. Ne2 Nd7 19. b4 Rcd8 20. f4 Bd6 21. Bxd6
Qxd6 22. Bxb5 Qxb4 23. Rb1 Qc5+ 24. Qxc5 Nxc5 25. Ba4 Rxe4 26. Nc3 Rc4 27. Rf3
Nxa4 28. Nxa4 Rxa4 29. Rxb7 Rxa2 30. Rd3 Rf8 31. Rc7 h5 32. Rxc6 Rb8 33. Rc5 g6
34. Rcd5 Rbb2 35. Rg3 Rb1+ 36. Kh2 Raa1 37. Rgd3 h4 38. g3 Rb2+ 39. Rd2 Raa2
40. Rxb2 Rxb2+ 41. Kg1 hxg3 42. Rd3 Rf2 43. Ra3 Rxf4 44. Rxa6 Rf3 45. Kg2 Re3
46. Ra4 f5 47. h4 Kg7 48. Kh3 Kh6 49. Ra6 f4 50. Rf6 Rf3 51. Rf8 Rf2 52. h5
Rh2+ 53. Kg4 g2 0-1

[Event "Madrid 2019-2020 ch - Previa b"]
[Site "Madrid ESP"]
[Date "2020.02.07"]
[Round "2.11"]
[White "Palacios Sanchez, Victor"]
[Black "Vukotic Jovsic, Dragan"]
[Result "0-1"]
[WhiteElo "1652"]
[BlackElo "1886"]
[PlyCount "24"]
[EventDate "2020.02.06"]
[EventType "swiss"]
[EventRounds "9"]
[EventCountry "ESP"]
[SourceTitle "Ajedrez en Madrid"]
[Source "lmi"]
[SourceDate "2020.02.06"]
[SourceVersion "1"]
[SourceVersionDate "2020.03.02"]
[SourceQuality "1"]

1. e4 e5 2. Bc4 Nf6 3. Nc3 Bc5 4. d3 O-O 5. Nge2 Ng4 6. O-O Qh4 7. h3 Nxf2 8.
Rxf2 Qxf2+ 9. Kh1 c6 10. b4 Bxb4 11. Rb1 a5 12. Na4 b5 0-1

[Event "Madrid 2019-2020 ch - Previa b"]
[Site "Madrid ESP"]
[Date "2020.02.07"]
[Round "2.12"]
[White "Martin Hernandez, Vicente"]
[Black "Cujba, Anca-Claudia"]
[Result "0-1"]
[WhiteElo "1864"]
[BlackElo "1591"]
[PlyCount "94"]
[EventDate "2020.02.06"]
[EventType "swiss"]
[EventRounds "9"]
[EventCountry "ESP"]
[SourceTitle "Ajedrez en Madrid"]
[Source "lmi"]
[SourceDate "2020.02.06"]
[SourceVersion "1"]
[SourceVersionDate "2020.03.02"]
[SourceQuality "1"]

1. d4 Nf6 2. c4 g6 3. Nc3 Bg7 4. Nf3 d5 5. cxd5 Nxd5 6. e4 Nxc3 7. bxc3 c5 8.
h3 Qa5 9. Bd2 cxd4 10. cxd4 Qa3 11. Bc4 O-O 12. O-O Nc6 13. Be3 Na5 14. Bb3
Nxb3 15. axb3 Qd6 16. Rc1 b6 17. Qd2 Bb7 18. d5 Rfd8 19. Bf4 e5 20. Bh6 f5 21.
Bxg7 Kxg7 22. exf5 Bxd5 23. fxg6 Bxf3 24. Qxd6 Rxd6 25. gxf3 Rxg6+ 26. Kh2 Rf8
27. Rc3 h5 28. Rd1 e4 29. Rd7+ Kh6 30. Rcc7 Rxf3 31. Rh7+ Kg5 32. Rhf7 Rxf7 33.
Rxf7 a5 34. f4+ exf3 35. Rxf3 Rf6 36. h4+ Kg6 37. Rd3 Kf5 38. Kg3 Ke4 39. Rc3
Kd4 40. Rc4+ Ke3 41. Rc3+ Kd2 42. Rc7 Ke2 43. Rc2+ Kd3 44. Rc7 Rg6+ 45. Kf3 Rg4
46. Rc6 Rb4 47. Rh6 Rb5 0-1

[Event "Madrid 2019-2020 ch - Previa b"]
[Site "Madrid ESP"]
[Date "2020.02.07"]
[Round "2.13"]
[White "Canseco Arenas, Alfonso"]
[Black "Santamaria Baeza, Adolfo"]
[Result "0-1"]
[WhiteElo "1604"]
[BlackElo "1857"]
[PlyCount "116"]
[EventDate "2020.02.06"]
[EventType "swiss"]
[EventRounds "9"]
[EventCountry "ESP"]
[SourceTitle "Ajedrez en Madrid"]
[Source "lmi"]
[SourceDate "2020.02.06"]
[SourceVersion "1"]
[SourceVersionDate "2020.03.02"]
[SourceQuality "1"]

1. a3 e5 2. c4 Nc6 3. Nc3 Nf6 4. d3 a5 5. Nf3 Bc5 6. e3 O-O 7. Be2 d6 8. O-O
Bf5 9. e4 Bg4 10. Bg5 h6 11. Bh4 g5 12. Bg3 Ne7 13. h4 Nh5 14. Bh2 Ng6 15. hxg5
hxg5 16. Qd2 Nhf4 17. Bxf4 Nxf4 18. Nd5 Nxe2+ 19. Qxe2 Kg7 20. Ne3 Bxe3 21.
Qxe3 f6 22. Nh2 Be6 23. g4 Rh8 24. Kg2 Rh4 25. f3 c5 26. Rh1 Qb6 27. Qd2 a4 28.
Nf1 Rah8 29. Ne3 Kg6 30. Rxh4 Rxh4 31. Rh1 Rxh1 32. Kxh1 Qc7 33. Kg2 b6 34. Qc2
Qd7 35. Nd1 b5 36. cxb5 Bb3 37. Qd2 Qxb5 38. Nc3 Qb7 39. Ne2 d5 40. Ng3 d4 41.
Kf1 c4 42. dxc4 Bxc4+ 43. Ke1 Qb3 44. Kf2 d3 45. Ke1 Qb6 46. Kf1 Qd4 47. Nf5
Qxb2 48. Qxb2 d2+ 49. Kf2 d1=N+ 50. Ke1 Nxb2 51. Kd2 Bb3 52. Ne7+ Kf7 53. Nd5
Nc4+ 54. Kc3 Nxa3 55. Nb6 Nb5+ 56. Kb4 Nd4 57. Nxa4 Bxa4 58. Kxa4 Nxf3 0-1

[Event "Madrid 2019-2020 ch - Previa b"]
[Site "Madrid ESP"]
[Date "2020.02.07"]
[Round "2.14"]
[White "Rodriguez Avila, Alvaro"]
[Black "Lopez Martinez, Antonio"]
[Result "0-1"]
[WhiteElo "1807"]
[BlackElo "1563"]
[PlyCount "110"]
[EventDate "2020.02.06"]
[EventType "swiss"]
[EventRounds "9"]
[EventCountry "ESP"]
[SourceTitle "Ajedrez en Madrid"]
[Source "lmi"]
[SourceDate "2020.02.06"]
[SourceVersion "1"]
[SourceVersionDate "2020.03.02"]
[SourceQuality "1"]

1. e4 e5 2. Bc4 d6 3. Nc3 c6 4. d3 Be7 5. f4 Nf6 6. Nf3 exf4 7. Bxf4 d5 8. exd5
cxd5 9. Bb3 Be6 10. O-O a6 11. Nd4 Bc5 12. Be3 Nc6 13. Nce2 Ng4 14. Qd2 O-O 15.
Nf5 Nxe3 16. Nxe3 Bg4 17. Kh1 Bxe3 18. Qxe3 Re8 19. Qf4 Bxe2 20. Qxf7+ Kh8 21.
Rfe1 Re7 22. Qxd5 Qxd5 23. Bxd5 Rae8 24. Kg1 Nb4 25. Bb3 Nc6 26. Bd5 Nd4 27.
Bb3 Nxb3 28. axb3 Bg4 29. Kf2 Rxe1 30. Rxe1 Rxe1 31. Kxe1 Kg8 32. Kd2 Kf7 33.
Ke3 Ke6 34. b4 Kd6 35. Kd4 Be6 36. b3 Bd5 37. g3 Bf3 38. c4 Bd1 39. Kc3 Ke5 40.
h3 g5 41. Kd2 Bf3 42. Ke3 Bc6 43. d4+ Kd6 44. h4 gxh4 45. gxh4 Bd7 46. Ke4 Bg4
47. c5+ Kd7 48. Ke5 Bd1 49. b5 Bxb3 50. c6+ bxc6 51. bxa6 Kc7 52. a7 Kb7 53.
Kd6 Bd5 54. h5 Kxa7 55. Kc5 h6 0-1

[Event "Madrid 2019-2020 ch - Previa b"]
[Site "Madrid ESP"]
[Date "2020.02.07"]
[Round "2.15"]
[White "Rodriguez Torres, Manuel"]
[Black "Ramirez, Luis Fernando"]
[Result "1-0"]
[WhiteElo "1595"]
[BlackElo "1718"]
[PlyCount "83"]
[EventDate "2020.02.06"]
[EventType "swiss"]
[EventRounds "9"]
[EventCountry "ESP"]
[SourceTitle "Ajedrez en Madrid"]
[Source "lmi"]
[SourceDate "2020.02.06"]
[SourceVersion "1"]
[SourceVersionDate "2020.03.02"]
[SourceQuality "1"]

1. e4 e5 2. Nf3 Nc6 3. Bb5 a6 4. Ba4 Nf6 5. O-O Be7 6. Re1 b5 7. Bb3 d6 8. h3
O-O 9. c3 Na5 10. Bc2 c5 11. d4 Qc7 12. d5 h6 13. Nbd2 c4 14. a4 Nh7 15. axb5
axb5 16. b4 cxb3 17. Nxb3 Bd7 18. Nxa5 Rxa5 19. Rxa5 Qxa5 20. Bd2 Rc8 21. Qb1
Ng5 22. Nh4 Nxh3+ 23. gxh3 Bxh4 24. Kh2 Ra8 25. Re2 Qa3 26. Bd3 Qc5 27. Qg1 Kf8
28. Qc1 g5 29. Be3 Qc8 30. Qf1 Qxc3 31. Rc2 Qb3 32. Qe2 Ra3 33. Rc7 Ke8 34. Qf3
f5 35. Rxd7 Kxd7 36. Qxf5+ Kc7 37. Qf7+ Kb8 38. Qe8+ Kb7 39. Qc6+ Kb8 40. Qxd6+
Kb7 41. Qd7+ Ka8 42. Qc8# 1-0

[Event "Madrid 2019-2020 ch - Previa b"]
[Site "Madrid ESP"]
[Date "2020.02.07"]
[Round "2.16"]
[White "Sastre Pavicich, Ruben A."]
[Black "Rey Martinez, Jaime"]
[Result "0-1"]
[WhiteElo "1577"]
[BlackElo "1687"]
[PlyCount "40"]
[EventDate "2020.02.06"]
[EventType "swiss"]
[EventRounds "9"]
[EventCountry "ESP"]
[SourceTitle "Ajedrez en Madrid"]
[Source "lmi"]
[SourceDate "2020.02.06"]
[SourceVersion "1"]
[SourceVersionDate "2020.03.02"]
[SourceQuality "1"]

1. d4 d5 2. c4 e6 3. Nc3 c6 4. e3 f5 5. Nf3 Nd7 6. cxd5 cxd5 7. h4 Be7 8. Qa4
Nh6 9. h5 O-O 10. g3 Ng4 11. Bg2 Nb6 12. Qb3 h6 13. Nh4 Bxh4 14. Rxh4 Nf6 15.
Bd2 Ne4 16. Nxe4 fxe4 17. Qd1 Nc4 18. Bc3 Bd7 19. Rf4 Rxf4 20. gxf4 Qh4 0-1

[Event "Madrid 2019-2020 ch - Previa b"]
[Site "Madrid ESP"]
[Date "2020.02.07"]
[Round "2.17"]
[White "Galarreta Santana, Javier"]
[Black "Fariñas Lucas, Juan Antonio"]
[Result "1-0"]
[WhiteElo "1666"]
[BlackElo "1448"]
[PlyCount "25"]
[EventDate "2020.02.06"]
[EventType "swiss"]
[EventRounds "9"]
[EventCountry "ESP"]
[SourceTitle "Ajedrez en Madrid"]
[Source "lmi"]
[SourceDate "2020.02.06"]
[SourceVersion "1"]
[SourceVersionDate "2020.03.02"]
[SourceQuality "1"]

1. c4 Nf6 2. Nc3 e6 3. e4 Bb4 4. e5 Ng8 5. Nf3 Ne7 6. d4 Bxc3+ 7. bxc3 O-O 8.
Bd3 c5 9. h4 Qa5 10. Bd2 Nbc6 11. Bxh7+ Kh8 12. Ng5 f6 13. Qh5 1-0

[Event "Madrid 2019-2020 ch - Previa b"]
[Site "Madrid ESP"]
[Date "2020.02.07"]
[Round "2.18"]
[White "Sastre Picierro, Martin"]
[Black "De Dompablo Fantova, Juan"]
[Result "0-1"]
[WhiteElo "1413"]
[BlackElo "1664"]
[PlyCount "144"]
[EventDate "2020.02.06"]
[EventType "swiss"]
[EventRounds "9"]
[EventCountry "ESP"]
[SourceTitle "Ajedrez en Madrid"]
[Source "lmi"]
[SourceDate "2020.02.06"]
[SourceVersion "1"]
[SourceVersionDate "2020.03.02"]
[SourceQuality "1"]

1. Nf3 Nf6 2. c4 d6 3. g3 g6 4. d4 Bg7 5. Bg2 O-O 6. Nbd2 Nc6 7. O-O e5 8. d5
Ne7 9. e4 a5 10. b3 Nd7 11. Bb2 Nc5 12. Ne1 f5 13. f4 exf4 14. Bxg7 Kxg7 15.
Rxf4 Bd7 16. Qc2 fxe4 17. Qc3+ Kg8 18. Rh4 Nf5 19. Rf4 Qe7 20. Nxe4 Nxe4 21.
Rxe4 Qg7 22. Qxg7+ Kxg7 23. Nf3 Rae8 24. Rae1 Rxe4 25. Rxe4 Re8 26. Ng5 Rxe4
27. Bxe4 Ne3 28. Ne6+ Bxe6 29. dxe6 Kf6 30. Bxb7 Kxe6 31. Kf2 Nd1+ 32. Kf3 Nc3
33. a3 c5 34. Ke3 Ke5 35. Kd3 Nd1 36. Ke2 Nc3+ 37. Kd3 Nd1 38. Bd5 Nf2+ 39. Ke2
Ng4 40. h3 Nf6 41. Bc6 Kd4 42. Kd2 g5 43. g4 h6 44. Bf3 Nd7 45. Be2 Ke4 46. Kc3
Ke3 47. Bd3 Ne5 48. Bf5 Kf4 49. b4 cxb4+ 50. axb4 axb4+ 51. Kxb4 Nf3 52. Ka5
Ng1 53. Kb6 Ke5 54. Bg6 Nxh3 55. Kc6 Nf2 56. Bh5 Ne4 57. Bg6 Nd2 58. Bf7 Ne4
59. Bh5 Nf6 60. c5 dxc5 61. Kxc5 Nxh5 62. gxh5 g4 63. Kc6 g3 64. Kd7 Kf6 65.
Ke8 g2 66. Kf8 g1=Q 67. Ke8 Qa7 68. Kd8 Ke6 69. Kc8 Qf7 70. Kb8 Kd6 71. Ka8 Kc6
72. Kb8 Qb7# 0-1

[Event "Madrid 2019-2020 ch - Previa b"]
[Site "Madrid ESP"]
[Date "2020.02.08"]
[Round "3.1"]
[White "Marin Aso, Jose Luis"]
[Black "De la Orden Alcocer, Alejandro"]
[Result "1/2-1/2"]
[WhiteElo "1906"]
[BlackElo "2005"]
[PlyCount "45"]
[EventDate "2020.02.06"]
[EventType "swiss"]
[EventRounds "9"]
[EventCountry "ESP"]
[SourceTitle "Ajedrez en Madrid"]
[Source "lmi"]
[SourceDate "2020.02.06"]
[SourceVersion "1"]
[SourceVersionDate "2020.03.02"]
[SourceQuality "1"]

1. c4 Nf6 2. Nc3 d5 3. e3 g6 4. Nf3 Bg7 5. b3 O-O 6. Bb2 c6 7. Be2 Nbd7 8. d4
b6 9. O-O Bb7 10. Qc2 e6 11. Rac1 Re8 12. Rfd1 Qe7 13. Bf1 a6 14. Re1 Rac8 15.
e4 dxe4 16. Nxe4 Nxe4 17. Qxe4 Qd6 18. Rcd1 Qb8 19. Qh4 c5 20. Be2 Rcd8 21. Rd2
Qc7 22. Red1 Bf6 23. Qh6 1/2-1/2

[Event "Madrid 2019-2020 ch - Previa b"]
[Site "Madrid ESP"]
[Date "2020.02.08"]
[Round "3.2"]
[White "Ocaña Lameiro, Oliver"]
[Black "Martin Arbeloa, Fernando"]
[Result "1/2-1/2"]
[WhiteElo "1992"]
[BlackElo "1991"]
[PlyCount "43"]
[EventDate "2020.02.06"]
[EventType "swiss"]
[EventRounds "9"]
[EventCountry "ESP"]
[SourceTitle "Ajedrez en Madrid"]
[Source "lmi"]
[SourceDate "2020.02.06"]
[SourceVersion "1"]
[SourceVersionDate "2020.03.02"]
[SourceQuality "1"]

1. c4 c5 2. Nc3 Nf6 3. Nf3 e6 4. d4 cxd4 5. Nxd4 d5 6. g3 dxc4 7. Qa4+ Bd7 8.
Qxc4 Nc6 9. Bg2 Rc8 10. O-O Nxd4 11. Qxd4 Bc5 12. Qd3 Bc6 13. Qxd8+ Kxd8 14.
Bg5 Bxg2 15. Kxg2 Ke7 16. Rfd1 Rhd8 17. Rxd8 Rxd8 18. Rc1 Bd6 19. Ne4 Bb8 20.
Rc3 h6 21. Nxf6 hxg5 22. Ne4 1/2-1/2

[Event "Madrid 2019-2020 ch - Previa b"]
[Site "Madrid ESP"]
[Date "2020.02.08"]
[Round "3.3"]
[White "Lopez de Turiso, Jose Angel"]
[Black "Garcia Serrano, Jose Manuel"]
[Result "1-0"]
[WhiteElo "1938"]
[BlackElo "1863"]
[PlyCount "101"]
[EventDate "2020.02.06"]
[EventType "swiss"]
[EventRounds "9"]
[EventCountry "ESP"]
[SourceTitle "Ajedrez en Madrid"]
[Source "lmi"]
[SourceDate "2020.02.06"]
[SourceVersion "1"]
[SourceVersionDate "2020.03.02"]
[SourceQuality "1"]

1. e4 e5 2. Nf3 Nc6 3. Bc4 Nf6 4. Nc3 Nxe4 5. Nxe4 d5 6. Bd3 dxe4 7. Bxe4 Bd6
8. d4 Nxd4 9. Nxd4 exd4 10. Qxd4 O-O 11. Be3 Be6 12. Bxb7 Rb8 13. Bf3 c5 14.
Qc3 Qc7 15. Rd1 Rfc8 16. b3 c4 17. Qd4 Rd8 18. Qxa7 Bb4+ 19. Ke2 Qe5 20. Rxd8+
Rxd8 21. Rd1 Rc8 22. Qd4 Qxh2 23. g3 Qh3 24. Rh1 Qf5 25. Be4 Qb5 26. Qb6 Qxb6
27. Bxb6 f5 28. Bf3 cxb3 29. cxb3 Rc2+ 30. Kd3 Rxa2 31. Rb1 Rd2+ 32. Ke3 g5 33.
Bd4 Bc8 34. Bd5+ Kf8 35. Bc5+ Kg7 36. Bd4+ Kg6 37. f4 g4 38. Rc1 Bd7 39. Rc7
Bb5 40. Bc4 Bxc4 41. Rxc4 Ba5 42. b4 Bxb4 43. Rxb4 Rg2 44. Rb6+ Kh5 45. Bg7
Rxg3+ 46. Kd4 Rd3+ 47. Kxd3 g3 48. Rh6+ Kg4 49. Ke2 Kxf4 50. Rxh7 Ke4 51. Rh4+
1-0

[Event "Madrid 2019-2020 ch - Previa b"]
[Site "Madrid ESP"]
[Date "2020.02.08"]
[Round "3.4"]
[White "Rojas Pozo, Jose Luis"]
[Black "Pajuelo Morales, Raul"]
[Result "1/2-1/2"]
[WhiteElo "1938"]
[BlackElo "1836"]
[PlyCount "31"]
[EventDate "2020.02.06"]
[EventType "swiss"]
[EventRounds "9"]
[EventCountry "ESP"]
[SourceTitle "Ajedrez en Madrid"]
[Source "lmi"]
[SourceDate "2020.02.06"]
[SourceVersion "1"]
[SourceVersionDate "2020.03.02"]
[SourceQuality "1"]

1. d4 Nf6 2. c4 g6 3. Nf3 Bg7 4. g3 O-O 5. Bg2 d6 6. O-O Nbd7 7. Nc3 e5 8. e4
exd4 9. Nxd4 a5 10. b3 Re8 11. Bb2 Nc5 12. Qc2 c6 13. h3 Qb6 14. Rad1 h5 15.
Rfe1 a4 16. Nxa4 1/2-1/2

[Event "Madrid 2019-2020 ch - Previa b"]
[Site "Madrid ESP"]
[Date "2020.02.08"]
[Round "3.5"]
[White "Mosteiro Montoro, Alvaro"]
[Black "Moreno Torrero, Javier"]
[Result "0-1"]
[WhiteElo "1477"]
[BlackElo "1918"]
[PlyCount "44"]
[EventDate "2020.02.06"]
[EventType "swiss"]
[EventRounds "9"]
[EventCountry "ESP"]
[SourceTitle "Ajedrez en Madrid"]
[Source "lmi"]
[SourceDate "2020.02.06"]
[SourceVersion "1"]
[SourceVersionDate "2020.03.02"]
[SourceQuality "1"]

1. d4 Nf6 2. c4 e6 3. Nc3 Bb4 4. Qc2 c5 5. e3 Nc6 6. Nf3 O-O 7. Bd3 d5 8. Bd2
cxd4 9. exd4 dxc4 10. Bxc4 Nxd4 11. Nxd4 Qxd4 12. Bd3 b6 13. a3 Qe5+ 14. Ne2
Bxd2+ 15. Qxd2 Bb7 16. O-O Rfd8 17. Rad1 Be4 18. Qe3 Ng4 19. Qf4 Bxd3 20. Qxg4
Bxe2 21. Rxd8+ Rxd8 22. Qh4 g5 0-1

[Event "Madrid 2019-2020 ch - Previa b"]
[Site "Madrid ESP"]
[Date "2020.02.08"]
[Round "3.6"]
[White "Andrade Sandoval, Bianca"]
[Black "Rey Martinez, Jaime"]
[Result "1-0"]
[WhiteElo "1966"]
[BlackElo "1687"]
[PlyCount "111"]
[EventDate "2020.02.06"]
[EventType "swiss"]
[EventRounds "9"]
[EventCountry "ESP"]
[SourceTitle "Ajedrez en Madrid"]
[Source "lmi"]
[SourceDate "2020.02.06"]
[SourceVersion "1"]
[SourceVersionDate "2020.03.02"]
[SourceQuality "1"]

1. d4 d5 2. Bf4 e6 3. Nf3 c5 4. e3 Nf6 5. Nbd2 Nc6 6. c3 Be7 7. h3 O-O 8. Bd3
Bd6 9. Ne5 Qc7 10. Ndf3 h6 11. O-O Nd7 12. Nxd7 Bxd7 13. Bxd6 Qxd6 14. Re1 Rad8
15. Qe2 e5 16. dxe5 Nxe5 17. Nxe5 Qxe5 18. Rad1 Rfe8 19. Bb1 Bc6 20. Rd2 Rd7
21. Red1 Rde7 22. Qg4 Bd7 23. Qf3 Bc6 24. Qf5 Qxf5 25. Bxf5 Re5 26. Bg4 b5 27.
Bf3 Rd8 28. e4 d4 29. cxd4 cxd4 30. Rxd4 Rde8 31. Rb4 a5 32. Rb3 b4 33. Re3 f5
34. Bh5 Rf8 35. Bg6 Rxe4 36. Rxe4 Bxe4 37. Rc1 Rf6 38. Rc8+ Rf8 39. Rc5 Rf6 40.
Bh5 Ra6 41. Be2 Ra7 42. f4 Kf7 43. Bc4+ Ke7 44. Re5+ Kd6 45. g4 Rc7 46. b3 Rc5
47. Re6+ Kd7 48. Rg6 fxg4 49. Rxg7+ Kd6 50. hxg4 Bb1 51. f5 Ke5 52. Rg6 h5 53.
Re6+ Kf4 54. f6 Bg6 55. f7 Rc8 56. Rxg6 1-0

[Event "Madrid 2019-2020 ch - Previa b"]
[Site "Madrid ESP"]
[Date "2020.02.08"]
[Round "3.7"]
[White "Barragan Arriaza, Pablo"]
[Black "Galarreta Santana, Javier"]
[Result "1/2-1/2"]
[WhiteElo "1886"]
[BlackElo "1666"]
[PlyCount "97"]
[EventDate "2020.02.06"]
[EventType "swiss"]
[EventRounds "9"]
[EventCountry "ESP"]
[SourceTitle "Ajedrez en Madrid"]
[Source "lmi"]
[SourceDate "2020.02.06"]
[SourceVersion "1"]
[SourceVersionDate "2020.03.02"]
[SourceQuality "1"]

1. d4 Nf6 2. c4 d5 3. cxd5 Qxd5 4. Nc3 Qa5 5. Bd2 Qb6 6. e3 c6 7. Qc2 g6 8. Bd3
Bg7 9. Na4 Qd8 10. f4 O-O 11. Nf3 Nbd7 12. O-O Nb6 13. Nc5 Nbd5 14. e4 Nc7 15.
Bc3 Ne6 16. Nxe6 Bxe6 17. Ng5 Ng4 18. Nxe6 fxe6 19. Qb3 Bxd4+ 20. Bxd4 Qxd4+
21. Kh1 Nf2+ 22. Rxf2 Qxf2 23. Qxe6+ Kh8 24. Qe5+ Rf6 25. Rf1 Qb6 26. g4 Qd8
27. Bc4 Qd6 28. Qc3 e5 29. Kg2 Re8 30. h3 g5 31. f5 Qd4 32. Qxd4 exd4 33. Be6
Kg7 34. e5 Rfxe6 35. fxe6 Rxe6 36. Rf5 Kg6 37. Kf3 c5 38. Ke4 Rb6 39. b3 Ra6
40. Kd5 Rxa2 41. Kxc5 d3 42. Rf3 d2 43. Rd3 Ra6 44. Rxd2 Rc6+ 45. Kd5 Kf7 46.
Rd3 Ke7 47. Ke4 a5 48. Kf5 h6 49. Rd5 1/2-1/2

[Event "Madrid 2019-2020 ch - Previa b"]
[Site "Madrid ESP"]
[Date "2020.02.08"]
[Round "3.8"]
[White "Vukotic Jovsic, Dragan"]
[Black "De Dompablo Fantova, Juan"]
[Result "1-0"]
[WhiteElo "1886"]
[BlackElo "1664"]
[PlyCount "109"]
[EventDate "2020.02.06"]
[EventType "swiss"]
[EventRounds "9"]
[EventCountry "ESP"]
[SourceTitle "Ajedrez en Madrid"]
[Source "lmi"]
[SourceDate "2020.02.06"]
[SourceVersion "1"]
[SourceVersionDate "2020.03.02"]
[SourceQuality "1"]

1. d4 d6 2. Nf3 Nf6 3. Bf4 g6 4. e3 Bg7 5. h3 O-O 6. c4 Nc6 7. Nc3 Nd7 8. Be2
e5 9. dxe5 dxe5 10. Bh2 f5 11. O-O Ne7 12. b4 a5 13. a3 axb4 14. axb4 Rxa1 15.
Qxa1 c6 16. Rd1 Qe8 17. c5 h6 18. Bc4+ Kh7 19. Ne2 Ng8 20. Qa2 b6 21. Qa7 bxc5
22. bxc5 Ngf6 23. Qc7 Ne4 24. Qxc6 Ndxc5 25. Bb5 Qe7 26. Rc1 Rd8 27. Bxe5 Bxe5
28. Nxe5 Qxe5 29. f3 Nf6 30. Qxc5 Qxc5 31. Rxc5 h5 32. Nd4 Kh6 33. h4 Bd7 34.
Bxd7 Rxd7 35. Rc6 Kg7 36. Rc7 Rxc7 37. Ne6+ Kf7 38. Nxc7 Ke7 39. Kf2 Kd6 40.
Nb5+ Kc5 41. Nd4 Kd5 42. Ne2 Ke6 43. Nf4+ Kf7 44. Ke2 Nd7 45. Kd3 Kf6 46. Kd4
Nf8 47. Kd5 g5 48. hxg5+ Kxg5 49. Ne6+ Nxe6 50. Kxe6 f4 51. e4 Kh4 52. Kf5 Kg3
53. e5 h4 54. e6 h3 55. gxh3 1-0